Geography General Knowledge #6 - Statistics

General Stats
  • This quiz has been taken 152,238 times
    99,381 since last reset
  • The average score is 13 of 20
Answer Stats
Question Answer % Correct
What does the £ symbol represent? Pound Sterling
92%
What is the holiest city of Islam? Mecca
88%
What city hosts the most well-known Oktoberfest? Munich
87%
What tiny country is located within that mountain range? Andorra
85%
Not counting continental landmasses, what is the world's largest island? Greenland
83%
What historical overland route connected China to the Mediterranean? {Silk} Road
78%
What was the world's tallest building from 1931–1971? Empire State Building
72%
What capital is connected to the Swedish city of Malmö via a bridge? Copenhagen
67%
What is the capital of Djibouti? Djibouti
67%
What is the largest desert in East Asia? Gobi Desert
67%
What mountain range separates France and Spain? Pyrenees
67%
What is the most populous province of Canada? Ontario
64%
What country contains the province of Zeeland, after which New Zealand was named? Netherlands
63%
What is the tallest active volcano in Italy? Mt. Etna
61%
What river forms the border between Texas and Mexico? Rio Grande
59%
What river flows into the Mississippi river near St. Louis? Missouri
48%
Who is the patron saint of England? St. George
48%
In what country would you find the Tomb of Cyrus the Great? Iran
43%
What Russian exclave borders Lithuania and Poland? Kaliningrad
42%
In what country would you find Annapurna? Nepal
40%
No matching quizzes found
Score Distribution
Percent of People with Each Score
Percentile by Number Answered
Your Score History
You have not taken this quiz since the last reset